| 000 | 01138nam0a22002651 4500 | ||
|---|---|---|---|
| 001 | v19\rc\1254902 | ||
| 005 | 20250618000143.0 | ||
| 035 | _a(NLR Aleph) 004410508 | ||
| 090 |
_a3999475 _c3999475 |
||
| 100 | _a20060306e18901890|||y0rusy50 ca | ||
| 101 | 0 | _arus | |
| 102 | _aRU | ||
| 105 | _ay z ||||| | ||
| 200 | 1 |
_aСлучай излечения эклампсии кровопусканием (venesectio) _f[Соч.] Прив.-доц. А.Н. Соловьева |
|
| 210 |
_a[Москва _d1890] |
||
| 215 |
_a7 с. _d23 |
||
| 309 | _aБез тит. л. и обл. | ||
| 311 | _aОтт. из журн. Труды Акушерско-гинекол. о-ва в Москве. 1890. № 2 | ||
| 488 | 0 |
_12001#$aТруды Акушерско-гинекологического общества в Москве$v1890, № 2 _tТруды Акушерско-гинекологического общества в Москве |
|
| 700 | 1 |
_aСоловьев _bА.Н. _f1844- _gАлександр Николаевич |
|
| 801 | 0 |
_aRU _bNLR _gpsbo |
|
| 801 | 1 |
_aRU _bProSoft-M _2rusmarc |
|
| 852 |
_aNLR _j18.275.1.432 |
||
| 942 | _cBOOK | ||
| 980 | _aNB | ||